MDQL
is popping MORE tags! Check the
thread
!
Quizzes
Events
Quiz Creation
Community
Videos
Private Events
Remove Ads
Sign In
Join for FREE
Feedback
Dark Mode
Quiz Categories
Sports
Geography
Music
Movies
Television
Just For Fun
Miscellaneous
History
Literature
Language
Science
Gaming
Entertainment
Religion
Holiday
For Kids
Quiz Lab
Recent
Popular Today
Quiz Kudos Today
Editor Picks
Curator Picks
Quizzes by...
Day
Popularity
Type
Ratings
Length
Year
Community
Subscriptions
Recent Discussions
Orange Saloon
Badges
Playlists
Quests
Create
Leaderboards
Showdown
Live 5
Trivia Bingo
Activity
Puzzle Library
Sporcle Events
Private Events
Virtual Trivia
Globe League
Become a Host
Pub Owners
SporcleCon
Opinionation
Our Games
Videos
Blog
Mobile Apps
Partnerships
Remove Ads and Go Orange
Feedback
Gaming
Video Games
Board Games
Card Games
Pokémon
Mario
Nintendo
Minecraft
Console
Toys
Legend of Zelda
Gaming
Video Games
Board Games
Card Games
Pokémon
Mario
Nintendo
Minecraft
Console
Toys
Legend of Zelda
Random Quiz
Search Sporcle
×
Quiz Lab
Quiz Lab
Gaming
Pokémon
Type in answers that appear in a list
Type in answers that appear in a list
Classic
Best Score? Go Orange.
Missing Consonants - Pokemon (Gen I) Stats
Can you name the Pokemon with their consonants removed?
By
gs43619
6m
20 Questions
154 Plays
154 Plays
154 Plays
Comments
Comments
Give Quiz Kudos
Give Quiz Kudos
-
- Ratings
hide this ad
More Info
Forced Order
Answers have to be entered in order
Answers have to be entered in order
Replay
Link that replays current quiz
Next Quiz
Link to next quiz in quiz playlist
You Got
0%
They Got
Avg Score
55%
Avg Friend Score
Upgrade to see
Score Distribution
Jump to the score distribution portion of the page
Score
0/20
Timer
06:00
0
Plays Today
Clue
Pokemon
% Correct
E E _
E E
Eevee
98.1%
A _
_
A
Abra
85.1%
A _
_
I _
U _
O
Articuno
81.2%
O _
A _
_
A _
Omastar
71.4%
_
O _
_
E A
Horsea
68.2%
_
_
O O _
Gloom
64.3%
_
A _
_
E _
_
_
'_
Farfetch'd
62.3%
_
_
A _
I _
I
Dratini
60.4%
_
_
A _
_
E _
E O _
Charmeleon
59.7%
_
I _
A _
_
U
Pikachu
59.1%
Clue
Pokemon
% Correct
_
I _
_
O _
_
E E
Hitmonlee
55.2%
_
U _
_
_
I O
Dugtrio
47.4%
_
E A _
O _
Fearow
46.8%
_
I _
O_
I _
O
Nidorino
44.2%
_
U _
O _
E
Cubone
42.2%
_
A _
_
A _
_
_
A _
Kangaskhan
39.6%
_
E _
_
A _
O O _
Tentacool
37.7%
_
_
I _
E A _
E
Primeape
35.7%
_
O _
_
O _
_
Voltorb
28.6%
_
I _
_
I _
U _
_
Lickitung
27.3%
Quiz Playlist
Details
Report
Send in Message
Add To Playlist
More Info:
Name the Generation I Pokemon who have had their consonants removed.
Classic:
Type in answers that appear in a list
Forced Order:
Answers have to be entered in order
Last Updated: Feb 16, 2017
Quiz Scoreboard
CHALLENGE
Sign Up to Join the Scoreboard
Show All
Scores
Hide
Comments
May contain spoilers
Recently Published
Find the 'City' Movie
by crazypaving
Movies
60s
5x2 Blitz: Bands
by SL_Kpop136
Music
30s
Colored Red Africa Blitz
by spor1
Geography
30s
More to Explore
Quiz From the Vault
Featured Blog Post
14 Easter Pick-up Lines to Find Eggs With
hide this ad
You Might Also Like...
Tags
Pokémon Quiz
consonant
gen
Removed
Vowel
Today's Top Quizzes in Gaming
Browse Gaming
hide this ad
Today's Top Quizzes in Pokémon
Browse Pokémon
Top Contributed Quizzes in Gaming
1
Destiny 2 exotic weapons by perk icons
2
Legendary or Exotic?
3
Dead By Daylight Logic Puzzle
4
Genshin murder mystery
5
League of Legends Pro Players by Career/Team History
6
Overwatch Logic Puzzle
7
Stardew Mayhem 2: Electric Boogaloo
8
Windmill: Elements
9
Arcade Game Bunker
10
Valorant Utility Use (Up to Clove)
Explore More
Trending Topics
NBA
Crossword
Harry Potter
Kpop
Anime
Marvel
Disney
Country
Pokémon
NFL
Soccer
Puzzle
Song
The Office
WWE
hide this ad
More By:
gs43619
Quiz
Plays
Rating
Category
Featured
Created
Pokémon Without Repeated Letters
104,069
4.61
Gaming
Feb 7, 2011
Pokémon by Last Letter (Gen I)
78,651
4.43
Gaming
Apr 18, 2011
Missing Word: Numbers in Movie Titles
59,865
4.34
Just For Fun
Apr 11, 2011
Missing Vowels - Music
50,252
4.28
Music
Jan 27, 2011
Missing Word: Places in Movies
49,473
4.15
Just For Fun
Apr 3, 2011
Go to Creator's Profile
Score Distribution
Quiz Creator Spotlight
gs43619
Follow
Send a Message
Quizzes Created
-
Created Quiz Play Count
-
More By This Creator
Popular Quizzes Today
1
Find the 'City' Movie
2
5x2 Blitz: Bands
3
Colored Red Africa Blitz
4
Find the US States - No Outlines Minefield
5
The Countries of the World
6
Find the US States
7
9x9 Crossword: Cartoon Network
8
US States
More Gaming Quizzes
Pokémon Parts (Gen I)
Published
Trending Quizzes
Colored Red Africa Blitz II
Colored Red Europe Blitz I
Colored Red Africa Blitz III
Colored Red Europe Blitz II
Colored Red Europe Blitz III
Recently Updated
Champions League XIs: Real Madrid
pecheneg
Largest US Cities 1790-2010
pecheneg
Rides in Walt Disney World
pecheneg
Most Oscar Losses (Acting)
pecheneg
Beyoncé Albums
pecheneg
Leaping Animals
pecheneg
Reality TV Shows (A-Z)
bhenderson79
Rickey Henderson's Hall of Fame Teammates
pecheneg
Champions League XIs: Arsenal
pecheneg
Quick Pick: Celebrities in WWE's Hall of Fame
aduchscher
Trending Topics
Crossword
Marvel
Anime
NBA
Harry Potter
Kpop
Disney
The Office
Song
Country
Puzzle
NFL
Soccer
WWE
Pokémon
Your Account Isn't Verified!
In order to create a playlist on Sporcle, you need to verify the email address you used during registration. Go to your
Sporcle Settings
to finish the process.
Report this User
Report this user for behavior that violates our
Community Guidelines
.
Details:
Send Report
Go to the Sporcle.com Mobile Site →
Comments